000 00737cab a2200205 4500
001 WB3235-03
008 090401t1996 xxu||||| |||| 00| 0 eng d
035 _a(Sirsi) u1306
041 _aeng
245 _aPrice surge in tenders forecast
260 _c1996
350 _a0
490 _aConstruction News
_v(6483) 19 September 1996, 5(1)
520 _aAccording to latest forecasts by BCIS slow recovery in tender prices will continue into early 1997 before speeding up. This will be due to an increase in tenders from the Private Finance Initiative, the National Lottery and Millennium funds.
650 _aFORECASTS
650 _aTENDER PRICES
690 _aBUILT ENVIRONMENT-BUILDING COSTS
942 _n0
948 _c04/03/1997
999 _c714
_d714